| 000 | 01185cam a2200301 4500 | ||
|---|---|---|---|
| 001 | ABS65566 | ||
| 008 | 020524n2002 000 0 eng u | ||
| 035 | _a(Sirsi) u118118 | ||
| 100 | _aMcConnell, T | ||
| 245 | _aPublic property - special report | ||
| 260 | _c2002 | ||
| 490 |
_aProperty Week _v67(18) 10 May 2002 |
||
| 520 | _aReport in two articles. "Loss to the community" reports on the ill-fated Elephant and Castle regeneration project and "Monti's downfall" deals with the Competition Directorate's role in sinking the Partnership Investment Programme (PIP), the UK's brownfield development scheme three years ago and the situation with the PIP replacement schemes and the UK's campaign to revitalise regeneration initiatives. | ||
| 590 | _aABS | ||
| 650 | _aPUBLIC PROPERTY | ||
| 650 | _aELEPHANT AND CASTLE | ||
| 650 | _aREGENERATION | ||
| 650 | _aBROWNFIELD DEVELOPMENT | ||
| 650 | _aPARTNERSHIP INVESTMENT PROGRAMME | ||
| 650 | _aPIP | ||
| 650 | _aEUROPEAN UNION | ||
| 650 | _aCOMPETITION DIRECTORATE | ||
| 650 | _aPIP REPLACEMENT SCHEMES | ||
| 650 | _aRICS REGENERATION PANEL | ||
| 690 | _aREGENERATION | ||
| 700 | _aBlackman, D. | ||
| 942 | _n0 | ||
| 999 |
_c70343 _d70343 |
||